Bases generales de la administración del Estado: estudios descriptivos, texto de la ley 18.575 de 1986, fallo del tribunal constitucional
Αποθηκεύτηκε σε:
| Κύριος συγγραφέας: | |
|---|---|
| Μορφή: | Βιβλίο |
| Γλώσσα: | Ισπανικά |
| Έκδοση: |
Santiago
Jurídica Ediar-ConoSur
1987
|
| Θέματα: | |
| Ετικέτες: |
Προσθήκη ετικέτας
Δεν υπάρχουν, Καταχωρήστε ετικέτα πρώτοι!
|
MARC
| LEADER | 00000nam a2200000 a 4500 | ||
|---|---|---|---|
| 001 | UCY1142 | ||
| 003 | CL-VaPUC | ||
| 008 | 940822e19870000CL |||||||||||||||||spa|d | ||
| 082 | 0 | 4 | |a 342.02 |b PAN |2 21 |
| 100 | |a Pantoja Bauzá, Rolando |e autor |9 568200 | ||
| 245 | 1 | 0 | |a Bases generales de la administración del Estado: estudios descriptivos, texto de la ley 18.575 de 1986, fallo del tribunal constitucional |
| 300 | |a 180 p | ||
| 942 | |c BK | ||
| 945 | |d 19940822 00:00:00 |a aalvarez | ||
| 260 | |a Santiago |b Jurídica Ediar-ConoSur |c 1987 | ||
| 650 | 0 | |a Derecho administrativo |9 254851 | |
| 651 | 7 | |a CHILE |2 CL-VaPUC |9 329026 | |
| 583 | |a last modification |c 19940822 00:00:00 |k Rodrigo Vera | ||
| 999 | |c 229930 |d 229928 | ||
| 952 | |0 0 |1 0 |4 0 |6 342_020000000000000_PAN_1987 |7 0 |8 A |9 231669 |a BIBDER |b BIBDER |d 2019-11-15 |i 3012190 |l 2 |o 342.02 PAN 1987 |p 3012190 |r 2024-10-16 |s 2024-09-17 |w 2019-11-15 |y BK |k DER | ||